Statistiques concernant Le seul pays européen...

Cliquez ici pour prendre le quiz!

Statistiques générales

  • Ce quiz a été pris 19 715 fois
  • Le résultat moyen est 11 sur 20

Statistiques - réponses

Le seul pays qui...Pays% Correct
a voté de quitter l'UERoyaume-Uni
98%
commence par la lettre HHongrie
96%
a plus de 100 millions d'habitantsRussie
85%
a des autoroutes sans limites de vitesseAllemagne
79%
est entouré par la MéditerranéeMalte
71%
borde la Méditerranée et la Mer du NordFrance
66%
a du territoire sur le continent africainEspagne
65%
a une bande orange sur son drapeauIrlande
51%
a un milliardaire pour 10 000 citoyensMonaco
49%
a une capitale qui commence par "K"Ukraine
47%
n'a pas de moustiquesIslande
47%
n'a ni de "A" ni de "E" dans son nomKosovo
46%
utilise le Złoty comme monnaiePologne
46%
n'a pas aboli la peine de mortBiélorussie
40%
produit 40% de son énergie
avec énergie éolienne
Danemark
33%
est doublement enclavéLiechtenstein
30%
a un conseil de sept personnes
pour chef d'État
Suisse
30%
est une monarchie absolueVatican
29%
a une altitude moyenne
de plus de 1 500 m
Andorre
26%
a un fonds souverain de plus
de 1 000 milliards de dollars
Norvège
22%

Distribution des résultats

Percentile par nombre de réponses

% des personnes avec chaque résultat

Votre développement - résultats

Vous n’avez pas pris ce quiz